书目信息 |
| 题名: |
中国-东盟海上互联互通的进展与展望
|
|
| 作者: | 傅远佳 著 | |
| 分册: | ||
| 出版信息: | 北京 中国商务出版社 2021.6 |
|
| 页数: | 266页 | |
| 开本: | 24cm | |
| 丛书名: | ||
| 单 册: | ||
| 中图分类: | P74 | |
| 科图分类: | ||
| 主题词: | 海洋经济--国际合作--经济合作--中国--东南亚国家联盟 | |
| 电子资源: | ||
| ISBN: | 978-7-5103-3553-2 | |
| 000 | 00922nam0 2200241 45 | |
| 001 | 012001002321 | |
| 005 | 20140913165547.0 | |
| 010 | @a978-7-5103-3553-2@dCNY68.00 | |
| 100 | @a20210302d2020 em y0chiy50 ea | |
| 101 | 0 | @achi |
| 102 | @aCN@b110000 | |
| 105 | @ay z 000yy | |
| 106 | @ar | |
| 200 | 1 | @a中国-东盟海上互联互通的进展与展望@Azhong guo - dong meng hai shang hu lian hu tong de jin zhan yu zhan wang@b专著@f傅远佳著 |
| 210 | @a北京@c中国商务出版社@d2021.6 | |
| 215 | @a266页@d24cm | |
| 300 | @a钦州发展研究院出版基金资助 | |
| 330 | @a本书共十二章,内容包括:研究背景、中国-东盟海上互联互通机制研究综述、中国-东盟海上互联互通的理论基础、中国-东盟海上互联互通的现状、中国-东盟海上互联互通的国别行动等。 | |
| 606 | 0 | @a海洋经济@x国际合作@x经济合作@y中国@x东南亚国家联盟 |
| 690 | @aP74@v5 | |
| 701 | 0 | @a傅远佳@Afu yuan jia@4著 |
| 801 | 0 | @aCN@bBJSDL@c20211011 |
| 905 | @b1339276-9@dP74@e129@f4 | |
| 中国-东盟海上互联互通的进展与展望/傅远佳著.-北京:中国商务出版社,2021.6 |
| 266页;24cm |
| 钦州发展研究院出版基金资助 |
| ISBN 978-7-5103-3553-2:CNY68.00 |
| 本书共十二章,内容包括:研究背景、中国-东盟海上互联互通机制研究综述、中国-东盟海上互联互通的理论基础、中国-东盟海上互联互通的现状、中国-东盟海上互联互通的国别行动等。 |
| ● |
| 相关链接 |
|
|
|
|
正题名:中国-东盟海上互联互通的进展与展望
索取号:P74/129
 
预约/预借
| 序号 | 登录号 | 条形码 | 馆藏地/架位号 | 状态 | 备注 |
| 1 | 1339276 | 213392764 | 第二样本阅览室/ [索取号:P74/129] | 在馆 | |
| 2 | 1339277 | 213392773 | 第三借阅区/ [索取号:P74/129] | 在馆 | |
| 3 | 1339278 | 213392782 | 第三借阅区/ [索取号:P74/129] | 在馆 | |
| 4 | 1339279 | 213392791 | 第三借阅区/ [索取号:P74/129] | 在馆 |